U.S. State Capitals - Sudden Death - Statistics

General Stats
  • This quiz has been taken 434 times
    95 since last reset
  • The average score is 11 of 20
Answers on the Grid
Answers color-coded by a green-red scale on the quiz's grid according to % correct below.
Albuquerque
Atlanta
Baltimore
Baton Rouge
Boston
Carson City
Charlotte
Chicago
Cleveland
Colorado Springs
Columbia
Concord
Dallas
Fairbanks
Grand Rapids
Helena
Houston
Iowa City
Jefferson City
Lansing
Las Vegas
Los Angeles
Madison
Montgomery
New Orleans
Oklahoma City
Olympia
Pierre
Portland
Providence
Richmond
Sacramento
Salem
Seattle
Springfield
Trenton
 
Answer Stats
Answer % Correct
Atlanta
72%
Baton Rouge
64%
Boston
64%
Sacramento
62%
Olympia
60%
Jefferson City
57%
Lansing
57%
Columbia
55%
Helena
55%
Madison
55%
Oklahoma City
55%
Trenton
53%
Carson City
51%
Richmond
51%
Pierre
49%
Providence
49%
Springfield
49%
Concord
47%
Montgomery
47%
Salem
45%
No matching quizzes found
Score Distribution
Percent of People with Each Score
Percentile by Number Answered
Your Score History
You have not taken this quiz since the last reset